000 00434 a2200157 4500
003 OSt
005 20240111120526.0
008 240111b |||||||| |||| 00| 0 eng d
040 _coclc
082 _a297
_bAKB/M
100 _aAkbar, M M
_92026
245 _aMuthalalitham, matham, marxism /
_cM M Akbar
260 _aKerala:
_bDa'wa books,
_c2010
300 _a143p
942 _2ddc
_cBK
_h297
_iAKB/M
_k297
_mAKB/M
999 _c43140
_d43140